| 000 | 00996nam a2200241Ia 4500 | ||
|---|---|---|---|
| 999 |
_c53443 _d53443 |
||
| 001 | 20487 | ||
| 003 | GE_BSU | ||
| 005 | 20201227232810.0 | ||
| 008 | 181216s2002||||ge |||||||||||||| ||geo|| | ||
| 040 | _cGE_BSU | ||
| 041 | _ageo | ||
| 080 | _a811.353.1-8(075.3) მ-40 | ||
| 100 |
_aმაღლაკელიძე, ნ. _99952 |
||
| 245 |
_aჩვენი ენა ქართული IV კლასი / _cნ. მაღლაკელიძე, ც. ყურაშვილი ; მხატვ. ნ. სულემენაშვილი. |
||
| 264 |
_aთბილისი : _bლეთა, _c2002. |
||
| 300 |
_a104 გვ. ; _c20 სმ. |
||
| 541 | _h4 ლ. | ||
| 653 | _aქართული ენა | ||
| 653 | _aჩვენი ენა ქართული IV კლასი | ||
| 700 |
_aყურაშვილი, ც. _eატორი _99953 |
||
| 700 |
_aსულემენაშვილი, ნ. _eმხატვარი _99954 |
||
| 942 |
_cBK _2udc |
||